| 000 | 00980nam a22002537a 4500 | ||
|---|---|---|---|
| 005 | 20170123164154.0 | ||
| 010 | _aB-123842 | ||
| 020 | _c200.00 | ||
| 035 | _aB-123842 | ||
| 037 | _bCen Lib / Ret | ||
| 040 |
_aDPL _bPN |
||
| 082 |
_a851 _bਜਾਗੀਰ |
||
| 100 |
_aਜਾਗੀਰ ਸਿੰਘ ਦਰਦ _951202 |
||
| 245 |
_aਦਰਦ ਪਿਯਾਰ ਲੋਕਾਂ ਦਾ / _cਜਾਗੀਰ ਸਿੰਘ ਦਰਦ |
||
| 246 |
_aDard piyara lokan da / _bby Jagir Singh Dard |
||
| 260 |
_a ਦਿੱਲੀ _bਪੰਜਾਬੀ ਲਿਥਾਰੀ ਸਭਾ _c1997 |
||
| 270 |
_aਪੰਜਾਬੀ ਲਿਥਾਰੀ ਸਭਾ _bਲੁਧਿਆਣਾ |
||
| 300 |
_a112p. _c22cm(Hb) |
||
| 650 |
_a ਸਾਹਿਤ --ਪੰਜਾਬੀ _9130145 |
||
| 650 |
_a ਪੰਜਾਬੀ--- ਕਵਿਤਾਵਾਂ _9130146 |
||
| 650 |
_a Literature--Punjabi _9130147 |
||
| 650 |
_aPunjabi-- Poetry _9130148 |
||
| 942 |
_2ddc _cPN _h851 _mਜਾਗੀਰ |
||
| 999 |
_c110549 _d110549 |
||